<?xml version="1.0" encoding="UTF-8"?>
<marc:record xmlns:marc="http://www.loc.gov/MARC21/slim">
   <marc:leader>00000nam a2200000 a 4500</marc:leader>
   <marc:datafield ind1="0" ind2="0" tag="245">
      <marc:subfield code="a">Keine [durchgestrichen] Zeit für Heute</marc:subfield>
   </marc:datafield>
   <marc:datafield ind1=" " ind2="1" tag="264">
      <marc:subfield code="a">[Ramsau am Dachstein]</marc:subfield>
      <marc:subfield code="b">Felix Gottwald</marc:subfield>
   </marc:datafield>
   <marc:datafield ind1=" " ind2=" " tag="250">
      <marc:subfield code="a">1. Auflage</marc:subfield>
   </marc:datafield>
   <marc:datafield ind1="1" ind2=" " tag="520">
      <marc:subfield code="a">Felix Gottwald - bis heute erfolgreichster Olympiasportler Österreichs - spricht dir mit diesem Buch eine Einladung aus: dir Zeit für Heute zu nehmen. Diese Buch ist weder Motivationsbibel noch Selbstoptimierungsprogramm, sondern ein Buch, das vieles kann und nichts muss. Nicht alles sofort. In kleinen Dosen. Immer wieder. Felix Gottwald hat an 42 aufeinanderfolgenden Abenden sein Heute handschriftlich festgehalten und reflektiert. Aus jeder Heute-Tagebucheintragung entstanden drei Erkenntnisse/Themen - zusammen 126 Kapitel, die einladen, klein zu beginnen. Jedes Kapitel endet mit drei Impulsen fürs Heute: Frage - Einladung - Haltung. Nicht als Abschluss, sondern als Gelegenheit, heute anzufangen. Dieses Buch steht für gelebte Präsenz und Wirksamkeit - Heute: sinnstiftend, gesund und freudvoll. Lies es so, wie es dir passt: von vorne nach hinten - oder quer. Halte an, wo du innerlich nickst; halte inne, wo dich etwas berührt. Sei achtsam - nicht abarbeiten. Wenn du eher schnell unterwegs bist: Beeil dich langsam. Weil du es dir wert bist. Und dann: Setz heute einen kleinen Schritt. Es sind die kleinen Schritte, die wirken dürfen. Zeit für Heute. Ohne Ausreden. Damit das bleiben darf, was bleiben soll. Dieses Buch macht - wenn du es zulässt - etwas mit dir und deinem Heute.</marc:subfield>
   </marc:datafield>
   <marc:datafield ind1=" " ind2=" " tag="020">
      <marc:subfield code="a">9783200107465</marc:subfield>
      <marc:subfield code="9">9783200107465</marc:subfield>
   </marc:datafield>
   <marc:datafield ind1=" " ind2=" " tag="041">
      <marc:subfield code="a">ger</marc:subfield>
   </marc:datafield>
   <marc:datafield ind1=" " ind2=" " tag="338">
      <marc:subfield code="a">Band</marc:subfield>
   </marc:datafield>
   <marc:datafield ind1=" " ind2=" " tag="300">
      <marc:subfield code="a">521 Seiten</marc:subfield>
   </marc:datafield>
</marc:record>
